000
00314nam a22001457a 4500
008
210426b ||||| |||| 00| 0 eng d
020
_a
9780865421110
041
_a
eng
080
_2
2nd
_a
94
082
_a
94
100
_a
16
101
_a
HIS
245
_a
Between Worlds
_c
Frances Karttunen
942
_2
udc
_c
BK
999
_c
56736
_d
56736